| 000 | 00495nam a22001697a 4500 | ||
|---|---|---|---|
| 005 | 20260415150210.0 | ||
| 008 | 260415b |||||||| |||| 00| 0 eng d | ||
| 020 | _a978-81-203-4964-3 | ||
| 050 | _aQC 523 .C43 2014 | ||
| 100 | _aCHATTERJEE, SANAT KUMAR | ||
| 245 | _aFUNDAMENTALS OF ELECTRICITY AND MAGNETISM. | ||
| 260 |
_aDELHI, _bPHI LEARNING PRIVATE LIMITED, _c2014. |
||
| 300 | _aXV,259 P, ILL | ||
| 500 | _aINCLUDES INDEX. | ||
| 650 | _aELECTRICITY 2. MAGNETISM | ||
| 942 |
_2lcc _cBK |
||
| 999 |
_c216978 _d216978 |
||